000 008080000a22002290004500
003 LK-CoMWRAF
005 20240318150759.0
008 230817t1989 ||||| |||| 00| 0 eng d
020 _a9558202002
040 _aLK-CoMWRAF
_dLK-CoMWRAF
_eLK-CoMWRAF
041 _aeng
082 _a297.124
_bAZA
100 _aஅஸமி, முஹம்மது முஸ்தபா
_vAzami, Muhammad Musthafa
242 _aStudies in Hadith Methodology and Literature
245 _aஹதீஸ் முறைமையும் கிரந்தங்களும்
246 _aHadees Muraimaiyum Kirandankalum
260 _aDharga Town:
_bMuslim Institute for Social development,
_c1989
300 _a218 p.
650 _aHADITH
856 _uhttps://noolaham.net/project/135/13485/13485.pdf
942 _cBK
999 _c3094
_d3094